000 00322nam a2200145Ia 4500
100 _aIIT/Bombay
942 _cBK
654 _acomputer
245 _aSixth International Conference on Computer vision
260 _bIEEE
_aNONE
_c1998
082 _a006.3T
_bIEEE
300 _a1164
546 _aENGLISH
999 _c27756
_d27756